ბათუმის შოთა რუსთაველის სახელმწიფო უნივერსიტეტის ბიბლიოთეკა

ხალხის სამსახურში : (ბიბ.ჩანაწერი № 37959)

000 -ლიდერი
ფიქსირებული სიგრძის საკონტროლო ველი 00862nam a2200205Ia 4500
001 - საკონტროლო ნომერი
საკონტროლო ველი 3941
003 - საკონტროლო ნომრის იდენტიფიკატორი
საკონტროლო ველი GE_BSU
005 - ბოლო ოპერაციის თარიღი და დრო
საკონტროლო ველი 20190916104220.0
008 - ფიქსირებული სიგრძის მონაცემთა ელემენტები - ზოგადი ინფორმაცია
ფიქსირებული სიგრძის საკონტროლო ველი 181216s2001||||ge |||||||||||||| ||geo||
040 ## - კატალოგიზაციის წყარო
Transcribing agency GE_BSU
041 ## - ენის კოდი
Language code of text/sound track or separate title geo
080 ## - უნივერსალური ათობითი კლასიფიკაციის ინდექსი
Universal Decimal Classification number 32.001 ხ–20
245 ## - ცნობა სათაურის შესახებ
Title ხალხის სამსახურში :
Remainder of title მოგონებები მიხეილ ხოზრევანიძეზე /
Statement of responsibility, etc რედ.: იოსებ ხიმშიაშვილი.
264 ## - წარმოების, გამოცემის, დისტრიბუციის და სხვა ცნობები
გამოცემის, წარმოების, დისტრიბუციის... ადგილი ბათუმი :
გამოცემის, წარმოების, დისტრიბუციის... სახელწოდება ალიონი,
გამოცემის, წარმოების, დისტრიბუციის... თარიღი 2001.
300 ## - ფიზიკური აღწერა
Extent 100 გვ. :
Other physical details ილ. ;
Dimensions 20 სმ.
600 ## - SUBJECT ADDED ENTRY--PERSONAL NAME
Personal name ხოზრევანიძე მიხეილ
9 (RLIN) 3996
653 ## - INDEX TERM--UNCONTROLLED
Uncontrolled term ხალხის სამსახურში
700 ## - ADDED ENTRY--PERSONAL NAME
Personal name ხიმშიაშვილი, იოსებ
Relator term რედაქტორი
9 (RLIN) 3997
942 ## - ADDED ENTRY ELEMENTS (KOHA)
Koha item type წიგნი
Source of classification or shelving scheme
ეგზემპლარები
ჩამოწერის სტატუსი დაკარგული ეგზემპლარის სტატუსი კლასიფიკაციის წყარო ან თაროზე გაწყობის სქემა დაზიანების სტატუსი არ გაიცემა მუდმივი მდებარეობა (დაცვის ადგილი) ამჟამინდელი ადგილსამყოფელი თაროზე განთავსების ადგილი შეძენის თარიღი ღირებულება, შესყიდვის ნორმალური ფასი სრული შენახვის შიფრი შტრიხკოდი ბოლო ოპერაციის თარიღი ეგზემპლარის მიმდევრობითი ნომერი (კეტერი?) ფასის ძალაში შესვლის თარიღი ეგზემპლარის სახეობა საჯარო შენიშვნა
          ბათუმის შოთა რუსთაველის სახელმწიფო უნივერსიტეტის მთავარი ბიბლიოთეკა ბათუმის შოთა რუსთაველის სახელმწიფო უნივერსიტეტის მთავარი ბიბლიოთეკა წიგნსაცავი 2018-12-17 2.00 32.001 ხ–20 5638 2018-12-17 5638 2018-12-17 წიგნი 2 ლ.